|
|
|
|
| LEADER |
00000cam a2200000 7i4500 |
| 001 |
0000037125 |
| 005 |
20151220.0 |
| 008 |
130819 |
| 020 |
|
|
|a 9673711680
|
| 090 |
0 |
0 |
|a 616.462
|b WIJ
|
| 100 |
0 |
|
|a Wijayakusuma, H. M. Hembing
|
| 245 |
1 |
0 |
|a Kaedah merawat Diabetis Mellitus
|c Prof. H. M. Hembing Wijayakusuma; editor: Nazrah
|
| 260 |
|
|
|a Kuala Lumpur :
|b Synergy Media Publishers ,
|c [s.n]
|
| 650 |
|
0 |
|a Diabetes alternative treatment
|
| 650 |
|
0 |
|a Traditional medicine
|
| 700 |
0 |
|
|a Nazrah
|
| 999 |
|
|
|a 0001233752
|b Book
|c Adult Collection
|e Cawangan Pontian
|
| 999 |
|
|
|a 0001233753
|b Book
|c Adult Collection
|e Cawangan Tmn. Ungku Tun Aminah
|
| 999 |
|
|
|a 0001233754
|b Book
|c Adult Collection
|e Cawangan Tangkak
|
| 999 |
|
|
|a 0001233755
|b Book
|c Adult Collection
|e Cawangan Bukit Gambir
|
| 999 |
|
|
|a 0001233757
|b Book
|c Adult Collection
|e Cawangan Bandar Penawar
|
| 999 |
|
|
|a 0001233758
|b Book
|c Adult Collection
|e Cawangan Segamat
|
| 999 |
|
|
|a 0001233759
|b Book
|c Adult Collection
|e Cawangan Mersing
|
| 999 |
|
|
|a 0001233761
|b Book
|c Adult Collection
|e Cawangan Taman Sri Lambak
|
| 999 |
|
|
|a 0001233762
|b Book
|c Adult Collection
|e Cawangan Bandar Tenggara
|
| 999 |
|
|
|a 0001233763
|b Book
|c Adult Collection
|e Cawangan Muar
|
| 999 |
|
|
|a 0001239335
|b Book
|c Adult Collection
|e Cawangan Kota Tinggi
|
| 999 |
|
|
|a 0001239336
|b Book
|c Adult Collection
|e Cawangan Kota Tinggi
|
| 999 |
|
|
|a 0001239338
|b Book
|c Adult Collection
|e Perbadanan Perpustakaan Awam Johor
|